The four-headed dragon / (Record no. 1565)

MARC details
000 -LEADER
fixed length control field 00986pam a2200265 a 4500
005 - DATE AND TIME OF LATEST TRANSACTION
control field 20230907090419.0
020 ## - INTERNATIONAL STANDARD BOOK NUMBER
International Standard Book Number 067142341X (pbk.) :
040 ## - CATALOGING SOURCE
Original cataloging agency DLC
Transcribing agency DLC
Modifying agency DLC
Language of cataloging eng
050 00 - LIBRARY OF CONGRESS CALL NUMBER
Classification number PZ7.D644
Item number Fu
082 00 - DEWEY DECIMAL CLASSIFICATION NUMBER
Classification number Fic
Edition number 19
100 1# - MAIN ENTRY--PERSONAL NAME
Personal name Dixon, Franklin W.
245 14 - TITLE STATEMENT
Title The four-headed dragon /
Statement of responsibility, etc. Franklin W. Dixon ; illustrated by Leslie Morrill.
260 ## - PUBLICATION, DISTRIBUTION, ETC.
Place of publication, distribution, etc. New York :
Name of publisher, distributor, etc. Wanderer Books
Date of publication, distribution, etc. 1981.
300 ## - PHYSICAL DESCRIPTION
Extent 180 pages
Other physical details illustrations
Dimensions 20 cm
490 1# - SERIES STATEMENT
Series statement The Hardy Boys mystery stories ;
Volume/sequential designation Book 69
505 ## - FORMATTED CONTENTS NOTE
Formatted contents note U <br/>
520 ## - SUMMARY, ETC.
Summary, etc. The Hardy boys track a criminal who plans to use an invention designed as a peaceful aid to the secret Four-Headed Dragon organization behind the Iron Curtain to harm the free world instead.
521 ## - TARGET AUDIENCE NOTE
Target audience note 820 <br/>
Source Lexile <br/>
521 ## - TARGET AUDIENCE NOTE
Target audience note U <br/>
Source Raz-Plus <br/>
650 #1 - SUBJECT ADDED ENTRY--TOPICAL TERM
Topical term or geographic name entry element Mystery and detective stories.
700 1# - ADDED ENTRY--PERSONAL NAME
Personal name Morrill, Leslie H.,
Relator term illustrator
906 ## - LOCAL DATA ELEMENT F, LDF (RLIN)
a 7
b cbc
c orignew
d 1
e ocip
f 19
g y-gencatlg
942 ## - ADDED ENTRY ELEMENTS (KOHA)
Source of classification or shelving scheme Dewey Decimal Classification
Koha item type Books
Suppress in OPAC No
999 ## -
-- 1565
-- 1565
Holdings
Withdrawn status Lost status Source of classification or shelving scheme Damaged status Not for loan Collection Home library Current library Shelving location Date acquired Total Checkouts Full call number Barcode Date last seen Price effective from Koha item type
    Dewey Decimal Classification     Juvenile Fiction Footprints International School Library Network Toul Kork Campus Footprints International School Library Network Toul Kork Campus TTP Secondary Fiction Bookshelves 09/07/2023   DIX Fic PZ7.D644 FISBK00643 09/07/2023 09/07/2023 Books